Biggest Cities in the World - 2100 - Statistics

General Stats
  • This quiz has been taken 90,400 times
  • The average score is 15 of 30
Answer Stats
Continent Population City % Correct
Africa 40.5 m Cairo
90%
Africa 88.3 m Lagos
88%
North America 30.2 m New York City
88%
Asia 25.6 m Tokyo
85%
Asia 57.3 m Delhi
82%
Asia 67.2 m Mumbai
77%
Africa 83.5 m Kinshasa
73%
Africa 46.7 m Nairobi
69%
Africa 35.8 m Addis Ababa
60%
Asia 52.4 m Kolkata
60%
Asia 54.2 m Dhaka
59%
Asia 49.1 m Karachi
55%
Asia 40.0 m Manila
55%
Africa 73.7 m Dar Es Salaam
53%
Africa 56.7 m Khartoum
51%
Asia 25.8 m Chennai
45%
Asia 24.8 m Bangalore
44%
Asia 27.0 m Lahore
44%
Africa 36.4 m Mogadishu
41%
Africa 40.2 m Kampala
37%
Asia 34.1 m Baghdad
32%
Africa 37.7 m Lusaka
30%
Asia 50.3 m Kabul
28%
Africa 28.3 m Kano
28%
Africa 56.1 m Niamey
27%
Africa 28.8 m N'Djamena
25%
Africa 41.4 m Lilongwe
18%
Africa 23.7 m Ibadan
16%
Asia 27.2 m Sana'a
15%
Africa 40.9 m Blantyre
11%
No matching quizzes found
Score Distribution
Percent of People with Each Score
Percentile by Number Answered
Your Score History
You have not taken this quiz